000 00460nam a22001697a 4500
005 20180725143622.0
008 160621b xxu||||| |||| 00| 0 eng d
020 _a81-7544-187-9
041 _aeng
082 _b8784
_a658.3
100 _aRamu, S.Shiva
_94623
245 _aTWENTIETH CENTURY MANAGEMENT TOOLS AND TECHNIQUES:organization design
260 _bWeelar Publishing
_c2000
_aallahabad
300 _a140p,
650 _aManagement
_9241
942 _cBK
999 _c3416
_d3415